[Event "SVK-ch Rapid"]
[Site "Podbanske"]
[Date "2023.09.30"]
[Round "2"]
[White "Valenta, Vit"]
[Black "Buchnicek, Petr"]
[Result "1-0"]
[WhiteElo "2021"]
[BlackElo "2222"]
[PlyCount "67"]
[EventDate "2023.09.30"]
[EventType "tourn (rapid)"]
[EventRounds "10"]
[EventCountry "SVK"]
[SourceTitle "EXT 2024"]
[Source "ChessBase"]
[SourceDate "2023.10.10"]
[SourceVersion "1"]
[SourceVersionDate "2023.10.10"]
[SourceQuality "1"]

1. e4 e6 2. d4 d5 3. Nc3 Bb4 4. a3 Bxc3+ 5. bxc3 Ne7 6. Bd3 c5 7. exd5 exd5 8. Nf3 Bg4 9. 0-0 c4 10. Be2 Nbc6 11. a4 Qa5 12. Qd2 0-0 13. Ba3 Rfe8 14. Rfe1 Ng6 15. h3 Bf5 16. Bb4 Qc7 17. Ba3 Qf4 18. Qd1 Be4 19. Nd2 Bxg2 20. Kxg2 Nh4+ 21. Kh1 Qxf2 22. Bf1 Nf5 23. Bg2 Ng3+ 24. Kh2 Ne2 25. Nf3 Re3 26. Bd6 Rae8 27. Rf1 Rxf3 28. Rxf2 Rxf2 29. Qe1 Rf6 30. Bc7 Re7 31. Be5 Nxe5 32. dxe5 Rxe5 33. Qh4 Nxc3 34. Qd4 1-0

[Event "CZE-chT1E 2223"]
[Site "Czech Republic"]
[Date "2023.04.01"]
[Round "10.4"]
[White "Mudrak, Josef"]
[Black "Buchnicek, Petr"]
[Result "1-0"]
[WhiteElo "2239"]
[BlackElo "2239"]
[PlyCount "61"]
[EventDate "2022.10.08"]
[EventType "team-tourn"]
[EventRounds "11"]
[EventCountry "CZE"]
[SourceTitle "EXT 2024"]
[Source "ChessBase"]
[SourceDate "2023.10.10"]
[SourceVersion "1"]
[SourceVersionDate "2023.10.10"]
[SourceQuality "1"]
[WhiteTeam "Vlcnov"]
[BlackTeam "Jundrov Jezdci"]
[WhiteTeamCountry "CZE"]
[BlackTeamCountry "CZE"]

1. d4 f5 2. c4 e6 3. Nc3 Nf6 4. e3 d5 5. Qc2 c6 6. Bd3 Ne4 7. Nge2 Bd6 8. g3 0-0 9. f3 Ng5 10. Rf1 Na6 11. a3 dxc4 12. Bxc4 b5 13. Bb3 Bd7 14. Bd2 c5 15. dxc5 Nxc5 16. Ba2 b4 17. axb4 Na6 18. Bxe6+ Bxe6 19. Rxa6 Bc4 20. b5 Rc8 21. Qa4 Ne6 22. Rc6 Rxc6 23. bxc6 Bd3 24. Qb3 Re8 25. Qd5 Kh8 26. Kf2 f4 27. Qxd3 fxe3+ 28. Kg2 Nc5 29. Qd5 Re5 30. c7 Qd7 31. Qxd6 1-0

[Event "CZE-chT1E 2223"]
[Site "Czech Republic"]
[Date "2022.10.09"]
[Round "2.1"]
[White "Nytra, Ondrej"]
[Black "Buchnicek, Petr"]
[Result "1-0"]
[WhiteElo "2233"]
[BlackElo "2239"]
[PlyCount "75"]
[EventDate "2022.10.08"]
[EventType "team-tourn"]
[EventRounds "11"]
[EventCountry "CZE"]
[SourceTitle "CBM 210 Extra"]
[Source "ChessBase"]
[SourceDate "2022.11.30"]
[SourceVersion "1"]
[SourceVersionDate "2022.11.30"]
[SourceQuality "1"]
[WhiteTeam "Frydek Mistek II"]
[BlackTeam "Jundrov Jezdci"]
[WhiteTeamCountry "CZE"]
[BlackTeamCountry "CZE"]

1. e4 c6 2. d4 d5 3. e5 Bf5 4. h4 h5 5. c4 e6 6. Nc3 Ne7 7. Nge2 Nd7 8. Ng3 Bg6 9. Bg5 Qb6 10. Rc1 f6 11. exf6 gxf6 12. Bf4 0-0-0 13. Bd6 dxc4 14. Bxc4 Nd5 15. Bxf8 Nxf8 16. 0-0 Nf4 17. Nge2 Nxe2+ 18. Qxe2 Rxd4 19. Bxe6+ Kb8 20. Rfd1 Bd3 21. Rxd3 Nxe6 22. Rf3 Nc7 23. Rxf6 Re8 24. Qc2 Rxh4 25. Rd1 Rg4 26. Qf5 Qxb2 27. Qd7 Rgg8 28. Rf7 Rc8 29. Ne4 Nd5 30. Nc5 Rc7 31. Qd6 Rgc8 32. Rxd5 cxd5 33. Nd7+ Ka8 34. Qxc7 Qc1+ 35. Qxc1 Rxc1+ 36. Kh2 a5 37. Rf5 Rc2 38. a4 1-0

[Event "SVK-chT2C 2122"]
[Site "Slovakia"]
[Date "2022.03.27"]
[Round "9.2"]
[White "Buchnicek, Petr"]
[Black "Sevcikova, Lucia"]
[Result "1-0"]
[WhiteElo "2265"]
[BlackElo "2030"]
[PlyCount "93"]
[EventDate "2021.10.16"]
[EventType "team-tourn"]
[EventRounds "11"]
[EventCountry "SVK"]
[SourceTitle "EXT 2023"]
[Source "ChessBase"]
[SourceDate "2022.10.05"]
[SourceVersion "1"]
[SourceVersionDate "2022.10.05"]
[SourceQuality "1"]
[WhiteTeam "Ondrasova Krivan"]
[BlackTeam "Kysucke Nove Mesto"]
[WhiteTeamCountry "SVK"]
[BlackTeamCountry "SVK"]

1. e4 e6 2. d4 d5 3. e5 c5 4. Qg4 cxd4 5. Nf3 Nc6 6. Bd3 Nge7 7. 0-0 Ng6 8. Qg3 Qc7 9. Re1 f6 10. Bxg6+ hxg6 11. Qxg6+ Qf7 12. Qg3 Bd7 13. c3 Bc5 14. b4 Bb6 15. b5 Nxe5 16. Nxd4 Bxd4 17. cxd4 Nc4 18. a4 0-0 19. Nd2 Rfc8 20. Nf3 a6 21. Rb1 axb5 22. axb5 b6 23. Bd2 Qe8 24. Bb4 Qh5 25. Qf4 Qh6 26. Qg4 Na3 27. Rb3 Nc2 28. Bd2 Qh7 29. Rd1 Rc4 30. h4 Raa4 31. Be3 Nxe3 32. Rxe3 Ra2 33. Qg3 Qc2 34. Rde1 Kf7 35. h5 Rc8 36. R3e2 Qc4 37. Qg6+ Kf8 38. Rxa2 Qxa2 39. h6 gxh6 40. Qxf6+ Kg8 41. Ne5 Rf8 42. Qg6+ Kh8 43. Qxh6+ Kg8 44. Qg6+ Kh8 45. Nf7+ Rxf7 46. Qxf7 Bxb5 47. Re3 1-0

[Event "CZE-chT2D 1819"]
[Site "Czech Republic"]
[Date "2019.03.31"]
[Round "11.1"]
[White "Jedlicka, Ales"]
[Black "Buchnicek, Petr"]
[Result "0-1"]
[WhiteElo "2213"]
[BlackElo "2334"]
[PlyCount "96"]
[EventDate "2018.10.14"]
[EventType "team-tourn"]
[EventRounds "11"]
[EventCountry "CZE"]
[SourceTitle "EXT 2022"]
[Source "ChessBase"]
[SourceDate "2021.10.06"]
[SourceVersion "1"]
[SourceVersionDate "2021.10.06"]
[SourceQuality "1"]
[WhiteTeam "Chrudim"]
[BlackTeam "Dalesice Pivovar"]
[WhiteTeamCountry "CZE"]
[BlackTeamCountry "CZE"]

1. Nf3 d5 2. c4 c6 3. e3 e6 4. Nc3 f5 5. b3 Bd6 6. Qc2 Nf6 7. Bb2 0-0 8. Be2 a6 9. d3 e5 10. 0-0-0 d4 11. exd4 exd4 12. Nxd4 Bf4+ 13. Kb1 Qxd4 14. Nd5 Qxb2+ 15. Qxb2 cxd5 16. Bf3 Nc6 17. Bxd5+ Nxd5 18. cxd5 Nd8 19. Rhe1 Bd6 20. Qd4 Nf7 21. Re6 Rd8 22. Rde1 Bxe6 23. dxe6 Nh6 24. Qb6 Be7 25. Qxb7 Kf8 26. h3 a5 27. g4 a4 28. Re5 axb3 29. axb3 Rab8 30. Qa7 Rxb3+ 31. Kc2 Rbxd3 32. g5 Rd2+ 33. Kc3 R8d3+ 34. Kc4 Rd4+ 35. Kb3 R4d3+ 36. Kc4 Rd4+ 37. Kb3 R2d3+ 38. Kc2 Rd2+ 39. Kb3 R4d3+ 40. Kc4 Ra3 41. Qb8+ Rd8 42. Qb7 Raa8 43. gxh6 Rac8+ 44. Kb5 Rb8 45. hxg7+ Kxg7 46. Qxb8 Rxb8+ 47. Kc4 Kf6 48. Re2 Rb6 0-1

[Event "CZE-chT1E 1819"]
[Site "Czech Republic"]
[Date "2019.02.17"]
[Round "8.1"]
[White "Buchnicek, Petr"]
[Black "Sabuk, Piotr"]
[Result "0-1"]
[WhiteElo "2321"]
[BlackElo "2403"]
[PlyCount "66"]
[EventDate "2018.10.21"]
[EventType "team-tourn"]
[EventRounds "11"]
[EventCountry "CZE"]
[SourceTitle "CBM 189 Extra"]
[Source "ChessBase"]
[SourceDate "2019.06.03"]
[SourceVersion "1"]
[SourceVersionDate "2019.06.03"]
[SourceQuality "1"]
[WhiteTeam "Jundrov Jezdci"]
[BlackTeam "Rychnov nad Kneznou"]
[WhiteTeamCountry "CZE"]
[BlackTeamCountry "CZE"]

1. d4 d5 2. Nf3 Nf6 3. Bf4 c5 4. c3 e6 5. e3 Nc6 6. Nbd2 cxd4 7. exd4 Nh5 8. Be5 f6 9. Bg3 g6 10. Qc2 Bd7 11. Bd3 Rc8 12. a3 Kf7 13. 0-0 Bh6 14. Nb3 Nxg3 15. fxg3 Kg7 16. Rae1 b6 17. Nc1 Re8 18. Qf2 Kh8 19. g4 Bg7 20. Qh4 Kg8 21. g5 e5 22. dxe5 fxe5 23. Ba6 Rc7 24. c4 Nb8 25. Bb5 Bxb5 26. cxb5 Nd7 27. Rd1 e4 28. Nd4 Rxc1 29. Nc6 Rxd1 30. Rxd1 Qc7 31. Rxd5 Nb8 32. Rd2 Nxc6 33. Rc2 Bd4+ 0-1

[Event "CZE-chT2D 1617"]
[Site "Czech Republic"]
[Date "2017.02.26"]
[Round "9.1"]
[White "Buchnicek, Petr"]
[Black "Havelka, Josef"]
[Result "1/2-1/2"]
[WhiteElo "2315"]
[BlackElo "2354"]
[PlyCount "123"]
[EventDate "2016.10.09"]
[EventType "team-tourn"]
[EventRounds "11"]
[EventCountry "CZE"]
[SourceTitle "EXT 2022"]
[Source "ChessBase"]
[SourceDate "2021.10.06"]
[SourceVersion "1"]
[SourceVersionDate "2021.10.06"]
[SourceQuality "1"]
[WhiteTeam "Dalesice Pivovar"]
[BlackTeam "Lanskroun"]
[WhiteTeamCountry "CZE"]
[BlackTeamCountry "CZE"]

1. d4 Nf6 2. Bg5 Ne4 3. h4 c5 4. d5 Qb6 5. Nd2 h6 6. Bf4 Qxb2 7. Rb1 Qf6 8. Nxe4 Qxf4 9. Qd3 Qc7 10. e3 Qa5+ 11. Nc3 b6 12. Qd2 Ba6 13. Bb5 Bxb5 14. Rxb5 Qa6 15. h5 d6 16. Nge2 Nd7 17. a4 Ne5 18. Rh4 g5 19. hxg6 Nxg6 20. Re4 Bg7 21. a5 bxa5 22. Ra4 0-0 23. Raxa5 Qc8 24. Ng3 Rb8 25. Rxb8 Qxb8 26. Ra4 Bxc3 27. Qxc3 Qb1+ 28. Kd2 Qg1 29. Ke2 Qxg2 30. Nf5 f6 31. Qd3 h5 32. Ng3 Ne5 33. Qf5 Qxd5 34. Qxh5 Qf7 35. Qh6 Qg6 36. Qxg6+ Nxg6 37. Rxa7 Rb8 38. f4 Kf8 39. Kd3 Ke8 40. Ne4 Nf8 41. Nc3 Rd8 42. Nd5 Rd7 43. Ra8+ Kf7 44. f5 Rb7 45. Nf4 Nd7 46. Rd8 Nf8 47. Kc4 Rd7 48. Ra8 e6 49. Kb5 exf5 50. Kc6 Re7 51. Nd5 Re6 52. Ra7+ Kg8 53. Ne7+ Kf7 54. Nxf5+ Kg6 55. Ne7+ Kg5 56. Nd5 Ng6 57. Kd7 Kf5 58. Ra4 Nf8+ 59. Kc6 Ke5 60. Nf4 Re8 61. Nd3+ Kf5 62. Kxd6 1/2-1/2